College Quizbowl Stats
College Quizbowl Stats
Circuits
Seasons
Sets
Records
Detailed Stats
About
Loading...
2023 ARCADIA at Texas
Tossups
Bonuses
Players
Teams
Categories (Tossup)
Categories (Bonus)
Andrew Volney
TAG Magnet: Taylor's Version
Categories
Category
Powers
Gets
Negs
BBs
Points
Earliest Buzz
Avg. Buzz
First Buzzes
Top 3 Buzzes
BPA
PVF
History - American
0
1
0
1
10
114
114.00
1
1
0.00
0.00
Other Academic
0
1
0
0
10
80
80.00
0
1
0.00
0.00
Social Science
0
1
0
0
10
92
92.00
0
1
0.00
0.00
0
1
0
0
10
110
110.00
1
1
0.00
0.00
Beliefs
0
0
1
0
-5
0.00
0
0
0.00
0.00
Buzzes
Category
Answer
Value
Buzz Position
Beliefs
bridges
-5
44
Other Academic
steakhouses
10
80
Social Science
options
10
92
copper
10
110
History - American
National Security Agency
10
114
Previous
1
Next